Manual de crítica textual / (Record no. 34627)

MARC details
000 -LEADER
campo de control de longitud fija 00657nam a2200229 i 4500
001 - NÚMERO DE CONTROL
campo de control 34627
003 - IDENTIFICADOR DE NÚMERO DE CONTROL
campo de control ES-MaACL
005 - FECHA Y HORA DE LA ÚLTIMA TRANSACCIÓN
campo de control 20240510125955.0
007 - CAMPO FIJO DE DESCRIPCIÓN FÍSICA--INFORMACIÓN GENERAL
campo de control de longitud fija t|
008 - DATOS DE LONGITUD FIJA--INFORMACIÓN GENERAL
campo de control de longitud fija 030207s1983 sp ||||1| spa d
020 ## - NÚMERO INTERNACIONAL ESTÁNDAR DEL LIBRO
Número Internacional Estándar del Libro 8470394134
100 1# - ENTRADA PRINCIPAL--NOMBRE DE PERSONA
Nombre de persona Blecua, Alberto.
9 (RLIN) 29458
245 10 - MENCIÓN DEL TÍTULO
Título Manual de crítica textual /
Mención de responsabilidad, etc. Alberto Blecua.
260 ## - PUBLICACIÓN, DISTRIBUCIÓN, ETC.
Lugar de publicación, distribución, etc. [Madrid] :
Nombre del editor, distribuidor, etc. Castalia,
Fecha de publicación, distribución, etc. [1983]
300 ## - DESCRIPCIÓN FÍSICA
Extensión 360 p. ;
Dimensiones 19 cm.
490 1# - MENCIÓN DE SERIE
Mención de serie Literatura y sociedad ;
Designación de volumen o secuencia 33
830 0# - PUNTO DE ACCESO ADICIONAL DE SERIE-TÍTULO UNIFORME
Título uniforme Literatura y sociedad (Madrid) ;
Designación de volumen o secuencia 33
9 (RLIN) 179352
852 ## - LOCALIZACIÓN
Ubicación ES-MaACL
Número de control de estantería L-8290
Sublocalización o colección R.108834
852 ## - LOCALIZACIÓN
Ubicación ES-MaACL
Número de control de estantería L-9727
Sublocalización o colección R.111378
942 ## - ELEMENTOS DE ENTRADA SECUNDARIOS (KOHA)
Fuente del sistema de clasificación o colocación Clasificación decimal universal
Holdings
Estatus retirado Estado de pérdida Estado de daño No para préstamo Biblioteca de origen Biblioteca actual Ubicación en estantería Fecha de adquisición Fuente de adquisición Total de préstamos Signatura topográfica completa Código de barras Visto por última vez Precio de reemplazo Tipo de ítem Koha
        Biblioteca del Ateneo de Madrid Biblioteca del Ateneo de Madrid Depósito 2 17/01/2008     L-9727 1036121 23/02/2023 23/02/2023 Libro impreso
        Biblioteca del Ateneo de Madrid Biblioteca del Ateneo de Madrid Depósito 2 17/01/2008     L-8290 1036120 23/02/2023 23/02/2023 Libro impreso